Base de datos de externalidades del sector electrico mexicano / Guadalupe Ortega Lorenzo (Registro nro. 18489)
[ vista simple ]
| 000 -LÍDER | |
|---|---|
| fixed length control field | 00496nam a2200133 4500 |
| 008 - ELEMENTOS DE LONGITUD FIJA -- INFORMACIÓN GENERAL | |
| fixed length control field | 0 2005 0a 000 0MEX |
| 050 ## - SIGNATURA TOPOGRAFICA DE LA BIBLIOTECA DEL CONGRESO (LC) | |
| Número de Clasificación | QA76.27 MR5 O7 2005 |
| 082 ## - NUMERO DE CLASIFICACION DECIMAL DEWEY | |
| Número de Clasificación | 001.6 C7b |
| 100 ## - ASIENTO PRINCIPAL--NOMBRE PERSONAL | |
| Nombre personal | Ortega Lorenzo, Guadalupe |
| 245 ## - TÍTULO | |
| Título | Base de datos de externalidades del sector electrico mexicano / Guadalupe Ortega Lorenzo |
| 300 ## - DESCRIPCIÓN FÍSICA | |
| Extensión | 93 p. / 29 cm. |
| 502 ## - NOTA DE TESIS | |
| Nota de tesis | Memoria de residencia profesional. Opción X. I.T. Z. (Informática) |
| 650 ## - ASIENTO SECUNDARIO DE MATERIA - TERMINO TEMÁTICO | |
| Término temático o nombre geográfico como elemento de entrada | 1.BASE DE DATOS \ 2.POSTGRESQL \ 3.LINUX |
| No. biblioteca | No. biblioteca | Número de clasificación | Código de barras/Número de adquisición | Número de copia | Tipo de material |
|---|---|---|---|---|---|
| TESIS INFORMÁTICA | TESIS INFORMÁTICA | 001.6 C7b | LI146-2005 | 1 | Tesis |
